| 000 | 00628nam a22001817a 4500 | ||
|---|---|---|---|
| 999 |
_c17802 _d17802 |
||
| 003 | AR-CdUCM | ||
| 008 | 190509b ||||| |||| 00| 0 spa d | ||
| 040 |
_aMUNICIPALIDAD PROVINCIAL DEL CUSCO _cBIBLIOTECA MUNICIPAL DEL CUSCO |
||
| 082 |
_a396 / _bR22 |
||
| 100 |
_aRandall, Margaret _936042 |
||
| 245 | _aLas mujeres / | ||
| 260 |
_aMexico : _bSiglo XXI. _c1984. |
||
| 300 |
_a230 páginas ; _c16 cm. |
||
| 505 | _aLa psicologia construye a la mujer -- El consumidorismo -- Declaración del grupo pro liberación -- La política de las tareas domesticas.... | ||
| 650 |
_aMujer. _9143 |
||
| 942 |
_2ddc _cLIBROS |
||
| 945 | _awfj | ||